| 000 | 00738nam a22002412a 4500 | ||
|---|---|---|---|
| 001 | 670 | ||
| 003 | BD-RjUL | ||
| 005 | 20211208233221.0 | ||
| 008 | 860101s1962 enk 000 0 eng d | ||
| 035 | _a(BD-RjUL)690 | ||
| 040 |
_aDLC _cBD-RjUL _dBD-RjUL _dEQO _beng |
||
| 041 | _aeng | ||
| 082 | 4 |
_a025.1 _219 _bLOL |
|
| 100 | 1 |
_aLock, Reginald Northwood. _92026 |
|
| 245 | 1 | 0 |
_aLibrary administration / _cWith a foreword by Alexander M. B. Rule |
| 260 |
_aLondon : _bC. Lockwood, _cc1961[Reprinted 1962] |
||
| 300 |
_a132 p. _c21 cm |
||
| 490 | 1 | _aCrosby Lockwood's new librarianship series | |
| 650 | 0 |
_aLibrary administration _92027 |
|
| 830 | 0 |
_aCrosby Lockwood's new librarianship series _95155 |
|
| 942 |
_2ddc _cBK |
||
| 999 |
_c670 _d670 |
||